Science Quiz

Random Science or Astronomy Quiz

Planetary Profile: Mars Quiz Stats

 Plays Quiz Updated Dec 30, 2018

Score 0/10 Timer 03:00
4 Plays Today
Hint Answer % Correct
Demonym
A) Marsatian B) Marsish C) French D) Martian
???
90.9%
Number from the sun
A) 1st B) 2nd C) 3rd D) 4th
???
89.6%
Greek name
A) Zeus B) Ares C) Odin D) Athena
???
87.4%
Type of planet
A) Asteroidical B) Terrestrial C) Gaseous D) Lunar
???
86.7%
Name of the rover that landed in 2012
A) Phoenix B) Henry C) Curiosity D) Mariner
???
79.3%
Number of naturally orbiting satellites
A) 4 B) 27 C) 1 D) 2
???
70.1%
Most abundant gas in the atmosphere
A) Carbon Dioxide B) Oxygen C) Nitrogen D) Chlorine
???
62.2%
Largest crater
A) Hellas Basin B) Aniak Crater C) The Super Bowl D) Barringer Basin
???
59.7%
Year of first flyby by a probe
A) 1965 B) 2012 C) 1975 D) 1952
???
50.6%
Approximate mass ratio compared to Earth
A) 1 B) .5 C) .1 D) .05
???
32.6%

You're not logged in!

Compare scores with friends on all Sporcle quizzes.
OR
Log In

Show Comments

Extras

Top Quizzes Today


Score Distribution

Your Account Isn't Verified!

In order to create a playlist on Sporcle, you need to verify the email address you used during registration. Go to your Sporcle Settings to finish the process.

Report this User

Report this user for behavior that violates our Community Guidelines.

Details: